000 00720nam a2200229Ia 4500
003 OSt
005 20250612112648.0
008 191128s2001 ck er 000 f spa d
020 _a9580462682
040 _aCO-JMCR
_cCO-JMCR
041 _aspa
082 0 4 _aJ-N
_bSPIn
100 1 _aSpinelli, Jerry
_996
245 1 3 _aLa niña estrella /
_cJerry Spinelli
260 _aBogotá :
_bNorma,
_c2001
300 _a243 páginas ;
_c21 cm.
490 _aZona libre
520 _aEra evasiva. Ella era mañana. Ella era el aroma más sutil de una flor de cactus, la sombra más leve de un búho duende. No sabíamos qué pensar de ella.
534 _pStargirl
650 1 4 _aNovela estadounidense
_98217
942 _2ddc
_cBK
999 _c3978
_d3978